000 00607cam a2200229 4500
001 D6935
008 090401t1980 xxu||||| |||| 00| 0 eng d
035 _a(Sirsi) u4014
041 _aeng
050 _a693.82
100 _aMalhotra, H. L.
245 _aPossible fire hazards of loft insulating materials
260 _aGarston, Watford
_bBuilding Research Establishment
_c1980
300 _a18p. 30cm
350 _a0
490 _aBRE Current Paper
_v2/80
520 _aAuthor - Mrs R. Ramaprasad
700 _aSutcliffe, R.J.
700 _aRogowski, Bobbie
942 _n0
948 _c04/03/1997
999 _c85984
_d85984